|
|
|
|
| LEADER |
00000nas a2200000 a 4500 |
| 001 |
ssj0012148 |
| 003 |
WaSeSS |
| 005 |
20200512172242.0 |
| 006 |
m d |
| 007 |
cr n |
| 008 |
010328c19409999maubr pss o 0 a0eng c |
| 010 |
|
|
|a 2002214340
|
| 015 |
|
|
|a GBB349087
|2 bnb
|
| 016 |
7 |
|
|a 2045553-7
|2 DE-600
|
| 022 |
|
|
|a 1540-6210
|l 0033-3352
|y 0033-3352
|
| 035 |
|
|
|a (WaSeSS)ssj0012148
|
| 037 |
|
|
|b Blackwell Publishers, 350 Main St., Malden, MA 02148
|c $174.00
|
| 040 |
|
|
|a OH1
|b eng
|c OH1
|d OCLCQ
|d NSD
|d OCLCQ
|d EYM
|d OCL
|d OCLCQ
|d OCLCF
|d NUI
|d OCLCO
|d VT2
|d OCLCQ
|d OCL
|d OCLCO
|d DEBBG
|d OCLCQ
|d OCLCE
|d OCLCO
|d OCLCQ
|d WT2
|d ZAC
|d NLE
|d OCLCQ
|d IOG
|d U3W
|d UOK
|d MOW
|d TOF
|d CASUM
|d UUM
|d OCLCQ
|d AU@
|d OCLCA
|d LEAUB
|d OCLCQ
|d OCLCO
|d OCLCA
|d WaSeSS
|
| 042 |
|
|
|a nsdp
|a pcc
|a dlr
|
| 043 |
|
|
|a n-us---
|
| 050 |
1 |
4 |
|a JK1
|
| 060 |
0 |
0 |
|a W1
|b PU101K
|
| 082 |
1 |
0 |
|a 350
|2 13
|
| 130 |
0 |
|
|a Public administration review (Online)
|
| 210 |
0 |
|
|a Public adm. rev.
|
| 222 |
|
0 |
|a Public administration review
|
| 245 |
1 |
0 |
|a Public administration review
|h [electronic resource].
|
| 246 |
3 |
|
|a PAR
|
| 260 |
|
|
|a Chicago, Ill. :
|b American Society for Public Administration,
|c 1940-
|
| 310 |
|
|
|a Bimonthly,
|b 1968-
|
| 321 |
|
|
|a Quarterly,
|b 1940-1967
|
| 362 |
0 |
|
|a Vol. 1, no. 1 (autumn 1940)-
|
| 500 |
|
|
|a Title from title screen (JSTOR, viewed Feb. 11, 2004).
|
| 500 |
|
|
|a Some issues also have a theme title.
|
| 500 |
|
|
|a Published for the American Society for Public Administration by Blackwell Publishers, 2001-
|
| 500 |
|
|
|a Place of publication varies: Washington, D.C., Sept. 1964-2000; Malden, Mass., 2001-
|
| 506 |
|
|
|a License restrictions may limit access.
|
| 538 |
|
|
|a Master and use copy. Digital master created according to Benchmark for Faithful Digital Reproductions of Monographs and Serials, Version 1. Digital Library Federation, December 2002.
|u http://purl.oclc.org/DLF/benchrepro0212
|5 MiAaHDL
|
| 538 |
|
|
|a Mode of access: World Wide Web.
|
| 583 |
1 |
|
|a digitized
|c 2010
|h HathiTrust Digital Library
|l committed to preserve
|2 pda
|5 MiAaHDL
|
| 588 |
1 |
|
|a Vol. 61, issue 1 (Jan. 2001) (Blackwell, viewed Mar. 28, 2001).
|
| 650 |
|
0 |
|a Public administration
|v Periodicals.
|
| 650 |
1 |
2 |
|a Social Sciences.
|
| 650 |
2 |
2 |
|a Government.
|
| 650 |
2 |
2 |
|a Politics.
|
| 650 |
|
6 |
|a Administration publique (Science)
|v Périodiques.
|
| 650 |
|
7 |
|a Public Policy & Administration.
|2 ebps
|
| 650 |
|
7 |
|a Politics and government.
|2 fast
|0 (OCoLC)fst01919741
|
| 650 |
|
7 |
|a Public administration.
|2 fast
|0 (OCoLC)fst01081976
|
| 650 |
1 |
7 |
|a PUBLIC ADMINISTRATION.
|2 unbist
|
| 650 |
1 |
7 |
|a UNITED STATES.
|2 unbist
|
| 651 |
|
0 |
|a United States
|x Politics and government
|v Periodicals.
|
| 651 |
|
6 |
|a États-Unis
|x Politique et gouvernement
|y 1945-1989
|v Périodiques.
|
| 651 |
|
6 |
|a États-Unis
|x Politique et gouvernement
|y 1989-
|v Périodiques.
|
| 651 |
|
7 |
|a United States.
|2 fast
|0 (OCoLC)fst01204155
|
| 655 |
|
0 |
|a Electronic journals.
|
| 710 |
2 |
|
|a American Society for Public Administration.
|
| 776 |
1 |
|
|t Public administration review
|x 0033-3352
|w (DLC)a 42002901
|w (OCoLC)1623952
|
| 856 |
4 |
0 |
|z Full text available from Research Library: 01/01/1988 to 01/31/2011
|u https://search.proquest.com/publication/42034
|